Músicas do Bonda 1, 2, 3 e G4J - Statistics

Estatísticas Gerais
  • Esse quiz foi jogado 367 vezes
    341 desde o último reset
  • A pontuação média é 24 de 78
Estatísticas das Respostas
Resposta % Correto
Big Crack
80%
Big Crack 2
80%
Big Crack (Un)Holy Reunion
80%
No Shopping
77%
Perdendo a Virgindade, PT. I
71%
Perdendo a Virgindade, PT. II
71%
Perdendo a Virgindade, PT. III
71%
TUEGAY
69%
Dedadão
65%
Assassino da Pista
60%
I Got Sífilis
56%
Feel Good 2
51%
Fenda da Sunga
51%
Fenda da Sunga 2
51%
Perdendo A Virgindade IV
45%
Perdendo A Virgindade V
45%
Natal Legal
42%
Robson
40%
Sonic Anthem
39%
Douglas & Eu
38%
Bound 3
36%
Cancerdebola
35%
Nós Dois Contra o Mundo
35%
Soneguei
35%
Um Cientista e um Terraplanista Foram Colocados Frente a Frente Sem Que Eles Soubessem
35%
Era Bão
33%
Sogra Desgraçada
33%
Douglas & Ele
32%
Furto e Louvor
32%
Namorada Vegana
32%
Shadow 4EVER
32%
E no Fim Foram Dois
31%
Síndrome de Estoucomdedonomeuboga
31%
Mando o Michael
29%
Quebrando Barreiras
28%
A Última Porta
27%
Big Crack Trinity
27%
Camisinha (Des)Confortável
27%
Crias do Mine
26%
Dançando Entre Facas E Balas
26%
Áudio
24%
Me Sinto Feliz
24%
MODOSEXO
23%
Sequestro às 11
23%
Shawty
23%
Condomínio Life
21%
Only Men
21%
Autoescola das Loucas
20%
Daily Vlog#178
20%
Perdendo A Virgindade VI
20%
BABY BOY
19%
Minha Juventude (no rio)
19%
Bala nos Boneco
18%
Clube Da Chupa
18%
De Volta Ao Server
18%
Tô de AK na rua
18%
Scam from Nigeria
17%
Barbie Boy
16%
Golfão GTI
15%
O Exorcista Da Família
15%
Não Erro Tiro de Nine
14%
DST Rhapsody
13%
The Good, The Bad and The Corno
13%
Um Cara Cool
12%
Pega Ladrão
11%
Amor Geriátrico
10%
Brazil's Most Wanted
10%
Eu Não Vou Pagar
10%
Grindset Dos Malvado
10%
Pulo Catraca
9%
Trajeto Pra Índia
9%
Boca no Birimbas
8%
Eu Nunca Choro
7%
Eu To Livre Da Vagaba
7%
Grupo Solteiras Viúvas Procuram Novos Maridos
7%
Os Boy da Boca
7%
Pisadona (Trapiseiro)
7%
Ashley & Mary Kate Life
5%
Nenhum quiz correspondente encontrado
Distribuição das Pontuações
Porcentagem de Pessoas com Cada Pontuação
Percentil de Números Respondidos
Sua Pontuação Histórica
Você não jogou esse quiz desde o último reset